| 000 | 01014nam a2200277 i 4500 | ||
|---|---|---|---|
| 001 | 21382 | ||
| 003 | CZ PrNK | ||
| 005 | 20260228121647.0 | ||
| 007 | ta | ||
| 008 | 240328s1930 xr ||| | cze | ||
| 040 |
_aABA001 _bcze _erda |
||
| 100 | 1 |
_aKukučín, Martin, _d1860-1928 _4aut |
|
| 245 | 1 | 0 |
_aKošútky ; _bKlbká ; Rozmajrínový mládnik |
| 264 | 1 |
_aV Turčianskom Sv. Martine : _bvydala Matica Slovenská, _c1930 |
|
| 300 |
_a347 stran ; _c19 cm |
||
| 336 |
_atext _btxt _2rdacontent |
||
| 337 |
_abez média _bn _2rdamedia |
||
| 338 |
_asvazek _bnc _2rdacarrier |
||
| 490 | 1 |
_aSobrané spisy Martina Kukučína ; _vsväzok XXIII. |
|
| 501 |
_aObsahuje přívazek: Komasácia : obraz zo slovenskej dediny v štyroch dejstvách ; Bacúchovie dvor : obraz z dediny v troch dejstvách / Martin Kukučín _5CZ-PrNK |
||
| 740 | 0 | 2 | _aKlbká |
| 740 | 0 | 2 | _aRozmajrínový mládnik |
| 800 | 1 |
_aKukučín, Martin, _d1860-1928. _tSobrané spisy (Matica Slovenská) |
|
| 910 | _aABA001 | ||
| 942 |
_2ddc _cKLDO _n0 |
||
| 999 |
_c21382 _d21382 |
||